[Event "VIE-chT (Women)"]
[Site "Hanoi"]
[Date "2023.04.18"]
[Round "2"]
[White "Than, Thi Khanh Huyen"]
[Black "Lam, Binh Nguyen"]
[Result "1/2-1/2"]
[WhiteElo "1956"]
[BlackElo "1063"]
[PlyCount "75"]
[EventDate "2023.04.18"]
[EventType "swiss"]
[EventRounds "9"]
[EventCountry "VIE"]
[SourceTitle "EXT 2024"]
[Source "ChessBase"]
[SourceDate "2023.10.10"]
[SourceVersion "1"]
[SourceVersionDate "2023.10.10"]
[SourceQuality "1"]

1. e4 c5 2. Nf3 g6 3. Be2 Bg7 4. Nc3 Nc6 5. b3 e6 6. Bb2 a6 7. a4 Nge7 8. 0-0 0-0 9. Re1 Nd4 10. d3 Nec6 11. Rb1 Nb4 12. Rc1 d5 13. Nxd4 cxd4 14. Ba3 dxc3 15. Bxb4 Re8 16. exd5 exd5 17. d4 Bh6 18. Rb1 Bd2 19. Rf1 Qf6 20. Bc5 b6 21. Ba3 Bf5 22. Bf3 Be4 23. Bc1 Bxf3 24. Qxf3 Qxd4 25. Rd1 Re1+ 26. Rxe1 Bxe1 27. Be3 Qe5 28. Rxe1 Re8 29. Rd1 d4 30. Rd3 Qc5 31. g3 dxe3 32. Rxe3 Rxe3 33. Qxe3 Qxe3 34. fxe3 Kg7 35. Kf2 Kf6 36. Ke2 Kf5 37. h3 Ke4 38. b4 1/2-1/2